000
00266nam a22001217a 4500
003
SGT
082
_a
616.0757
_b
M12C
100
_a
CHHABRA, AVNEESH
245
_a
MAGNETIC RESONANCE NEUROGRAPHY
260
_a
INDIA
_b
JAYPEE
_c
2012
300
_a
200
942
_2
ddc
_c
BK
999
_c
14573
_d
14573